| 000 | 00553nam a22001817a 4500 | ||
|---|---|---|---|
| 003 | 0 | ||
| 005 | 20240918102054.0 | ||
| 008 | 240918b xxu||||| |||| 00| 0 eng d | ||
| 020 | _a9781800920330 | ||
| 050 |
_aNC 483.8 _b.L43 2022 |
||
| 100 |
_aLecouffe, Justine _eauthor. |
||
| 245 |
_a10 step drawing cats : _bdraw over 50 fabulous felines in 10 easy steps / _cJustine Lecouffe. |
||
| 260 |
_aKent : _bSearch Press Ltd., _c2022. |
||
| 300 |
_a128 p. : _bcol. ill. ; _c24 cm. |
||
| 650 | _aCats in art | ||
| 650 |
_aDrawing _vtechnique |
||
| 942 |
_2lcc _cBK |
||
| 999 |
_c366235 _d366235 |
||